Regional report (Record no. 81651)
[ view plain ]
| 000 -LEADER | |
|---|---|
| fixed length control field | 01075cab a22002055a 4500 |
| 001 - CONTROL NUMBER | |
| control field | L147847 |
| 008 - FIXED-LENGTH DATA ELEMENTS--GENERAL INFORMATION | |
| fixed length control field | 090624e20090619xxkdo f 000 0 eng d |
| 035 ## - SYSTEM CONTROL NUMBER | |
| System control number | (Sirsi) u147847 |
| 041 0# - LANGUAGE CODE | |
| Language code of text/sound track or separate title | eng |
| 100 1# - MAIN ENTRY--PERSONAL NAME | |
| Personal name | Hatcher, David |
| 245 00 - TITLE STATEMENT | |
| Title | Regional report |
| Remainder of title | West London |
| 260 ## - PUBLICATION, DISTRIBUTION, ETC. | |
| Date of publication, distribution, etc. | 2009 |
| 490 #0 - SERIES STATEMENT | |
| Series statement | Property Week |
| Volume/sequential designation | 75(25) 19 June 2009, 60-66(5) |
| 520 ## - SUMMARY, ETC. | |
| Summary, etc. | Provides an overview of commercial property activity in West London. Reports on Boris Johnson's Outer London Commission's discarding of the idea of a Heathrow super-hub and on the possible enlargement of Shepherds Bush market. Suggests that West London office landlords are under pressure to cut rents in a tenants' market. Describes the planned expansion of Oliver Bonas' gift shop operations within the capital including the eventual spread to major cities outside London. Concludes with a look at the future of the Earls Court exhibition centre after 2012. |
| 590 ## - LOCAL NOTE (RLIN) | |
| Local note | KA |
| 651 #4 - SUBJECT ADDED ENTRY--GEOGRAPHIC NAME | |
| Geographic name | London |
| 690 ## - LOCAL SUBJECT ADDED ENTRY--TOPICAL TERM (OCLC, RLIN) | |
| Topical term or geographic name as entry element | PROPERTY-COMMERCIAL PROPERTY-COMMERCIAL PROPERTY MARKET |
| 700 1# - ADDED ENTRY--PERSONAL NAME | |
| Personal name | Shah, Aditi |
| 942 ## - ADDED ENTRY ELEMENTS (KOHA) | |
| Suppress in OPAC | 0 |
| Withdrawn status | Lost status | Source of classification or shelving scheme | Damaged status | Not for loan | Home library | Current library | Shelving location | Date acquired | Total Checkouts | Full call number | Barcode | Date last seen | Copy number | Price effective from | Koha item type |
|---|---|---|---|---|---|---|---|---|---|---|---|---|---|---|---|
| Dewey Decimal Classification | London | London | Journal article | 24/06/2009 | L147847 | 147847-1001 | 06/08/2019 | 1 | 06/08/2019 | Journal article |